01084 2200349 4500001002100000005001500021035002000036007000300056008004100059020002200100040002200122082001200144084001400156090001800170090002200188100003000210245012900240300005000369500001100419650002000430700003100450700003200481700002800513850001200541504003300553264003000586336002100616337003000637338002300667999002200690990002200712INLIS00000000085553620200511113659 a0010-0520000010ta200511t2019 yoia g 1 eng d a978-979-29-9854-2 aYOPDYOGbinderda04223a532 a532 POT m aDEP 532 POT m aCB-D.11 2019-25191 aPotter, Merle C.epenulis00aMechanics of fluids, 5th edition, SI edition /cpenulis, Merle C, Potter, David C. Wiggert, Bassem H. Ramadan, Tom I-P. Shih axix, 793 halaman :bilustrasi, tabel ;c25 cm aIndeks 4aMekanika fluida1 aWiggert, David C.epenulis1 aRamadan, Bassem H.epenulis1 aShih, Tom I-P.epenulis aYOPDYOG aBibliografi: halaman 764-766 1aYogyakarta :bAndi,c2019 2rdacontentateks 2rdamediaatanpa perantara 2rdacarrieravolume aCB-D.11/2019-2519 aCB-D.11/2019-2519